000 00536cam a2200181 4500500
005 20260405002609.0
041 _afre
042 _adc
100 1 0 _aEnjalbert, Cédric
_eauthor
245 0 0 _aZone d’expérimentation
260 _c2017.
500 _a19
690 _aPeur
690 _aRuben Östlund
690 _aViolence
786 0 _nPhilosophie magazine | 114 | 11 | 2017-11-01 | p. 56-56 | 1951-1787
856 4 1 _uhttps://shs.cairn.info/magazine-philosophie-magazine-2017-11-page-56?lang=fr&redirect-ssocas=7080
999 _c2059161
_d2059161